La aventura de los galeotes (Record no. 174006)
[ view plain ]
| 000 -LEADER | |
|---|---|
| campo de control de longitud fija | 00917namaa22001811 4500 |
| 001 - NÚMERO DE CONTROL | |
| campo de control | 174006 |
| 003 - IDENTIFICADOR DE NÚMERO DE CONTROL | |
| campo de control | ES-MaACL |
| 005 - FECHA Y HORA DE LA ÚLTIMA TRANSACCIÓN | |
| campo de control | 20230906215419.0 |
| 008 - DATOS DE LONGITUD FIJA--INFORMACIÓN GENERAL | |
| campo de control de longitud fija | 100205s1905 sp r |||| | spa d |
| 100 1# - ENTRADA PRINCIPAL--NOMBRE DE PERSONA | |
| Nombre de persona | Álvarez Quintero, Serafín, |
| Fechas asociadas al nombre | 1871-1938 |
| 9 (RLIN) | 226443 |
| 245 13 - MENCIÓN DEL TÍTULO | |
| Título | La aventura de los galeotes |
| Resto del título | : adaptación escénica del cap. XXII de la primera parte de Don Quijote de la Mancha / |
| Mención de responsabilidad, etc. | por Serafín y Joaquín Álvarez Quintero. |
| 260 ## - PUBLICACIÓN, DISTRIBUCIÓN, ETC. | |
| Lugar de publicación, distribución, etc. | Madrid : |
| Nombre del editor, distribuidor, etc. | Sociedad General de Autores, |
| Fecha de publicación, distribución, etc. | 1905 ( |
| Fabricante | R. Velasco) |
| 300 ## - DESCRIPCIÓN FÍSICA | |
| Extensión | 19 p. ; |
| Dimensiones | 20 cm. |
| 500 ## - NOTA GENERAL | |
| Nota general | En port.: Representada en el teatro Real el 10 de mayo de 1905, con ocación del III Centenario de la publicación del Quijote. |
| 700 1# - ENTRADA AGREGADA--NOMBRE PERSONAL | |
| Nombre de persona | Álvarez Quintero, Joaquín, |
| Fechas asociadas al nombre | 1873-1944 |
| 9 (RLIN) | 20922 |
| 852 ## - LOCALIZACIÓN | |
| Ubicación | ES-MaACL |
| Número de control de estantería | F-8644(1) |
| Nota libre | .- Enc. hol. |
| -- | .- Enc. en un vol. facticio formando parte de la col. facticia "Teatro español moderno" v. 101 |
| Estatus retirado | Estado de pérdida | Estado de daño | No para préstamo | Biblioteca de origen | Biblioteca actual | Ubicación en estantería | Fecha de adquisición | Fuente de adquisición | Total de préstamos | Signatura topográfica completa | Código de barras | Visto por última vez | Precio de reemplazo | Tipo de ítem Koha |
|---|---|---|---|---|---|---|---|---|---|---|---|---|---|---|
| Biblioteca del Ateneo de Madrid | Biblioteca del Ateneo de Madrid | Sala Pecera Planta 2 | 05/02/2010 | F-8644(1) | 1182654 | 23/02/2023 | 23/02/2023 | Libro impreso |
